<?xml version="1.0" encoding="UTF-8"?>
<collection xmlns="http://www.loc.gov/MARC21/slim">
 <record>
  <leader>02933nam a2200289 a 4500</leader>
  <controlfield tag="001">1/49275</controlfield>
  <controlfield tag="008">200305r20202019gr            00110 gre  </controlfield>
  <datafield tag="020" ind1=" " ind2=" ">
   <subfield code="a">9789605127138</subfield>
  </datafield>
  <datafield tag="035" ind1=" " ind2=" ">
   <subfield code="l">52276</subfield>
  </datafield>
  <datafield tag="040" ind1=" " ind2=" ">
   <subfield code="a">GR-PeUP</subfield>
  </datafield>
  <datafield tag="082" ind1="0" ind2="0">
   <subfield code="a">006.3 GIF ΜΤΦ</subfield>
  </datafield>
  <datafield tag="100" ind1="1" ind2=" ">
   <subfield code="a">Gift, Noah.</subfield>
  </datafield>
  <datafield tag="245" ind1="1" ind2="0">
   <subfield code="a">Τεχνητή νοημοσύνη :</subfield>
   <subfield code="b">μια πραγματολογική ανάλυση : εισαγωγή σε λύσεις μηχανικής μάθησης για το Cloud /</subfield>
   <subfield code="c">Noah Gift ; απόδοση: Αγαμέμνων Μήλιος.</subfield>
  </datafield>
  <datafield tag="260" ind1="0" ind2=" ">
   <subfield code="a">Αθήνα :</subfield>
   <subfield code="b">Γκιούρδας,</subfield>
   <subfield code="c">c2019, 2020.</subfield>
  </datafield>
  <datafield tag="300" ind1=" " ind2=" ">
   <subfield code="a">xvii, 246 σ. :</subfield>
   <subfield code="b">εικ. ;</subfield>
   <subfield code="c">24 εκ.</subfield>
  </datafield>
  <datafield tag="500" ind1=" " ind2=" ">
   <subfield code="a">Μετάφραση του: Pragmatic Αl.</subfield>
  </datafield>
  <datafield tag="500" ind1=" " ind2=" ">
   <subfield code="a">Περιεχόμενα: Σχετικά με το βήμα προς βήμα -- Ευχαριστίες -- Λίγα λόγια για τον συγγραφέα -- I. Εισαγωγή στην πραγματολογική ΑI: -- 1. Εισαγωγή στην πραγματολογική AI -- 2. Αλυσίδα εργαλείων AI και ML -- 3. Ο λακωνικός κύκλος ζωής της τεχνητής νοημοσύνης -- ΙΙ. Η AI στο cloud: -- 4. Ανάπτυξη τεχνητής νοημοσύνης για το cloud με την πλατφόρμα Google cloud -- 5. Ανάπτυξη τεχνητής νοημοσύνης για το cloud με την πλατφόρμα Amazon Web Service -- ΙΙΙ. Δημιουργία πρακτικών εφαρμογών AI από το μηδέν: -- 6. Πρόβλεψη της επίδρασης των κοινωνικών μέσων του NBA -- 7. Δημιουργία ευφυούς Slackbot στην πλατφόρμα AWS -- 8. Εύρεση στοιχείων για τη διαχείριση έργων από έναν οργανισμό του GitHub -- 9. Δυναμική βελτιστοποίηση EC2 Instances στην πλατφόρμα AWS -- 10. Αγορά ακινήτων -- 11. Παραγωγή AI για περιεχόμενο παραγόμενο από τον χρήστη -- Α. Επιταχυντές AI -- Β. Η απόφαση για το μέγεθος ομάδας -- Ευρετήριο.</subfield>
  </datafield>
  <datafield tag="500" ind1=" " ind2=" ">
   <subfield code="a">Περιέχει ευρετήριο.</subfield>
  </datafield>
  <datafield tag="650" ind1=" " ind2="4">
   <subfield code="a">Cloud computing.</subfield>
  </datafield>
  <datafield tag="650" ind1=" " ind2="4">
   <subfield code="a">Artificial intelligence.</subfield>
  </datafield>
  <datafield tag="650" ind1=" " ind2="4">
   <subfield code="a">Machine learning.</subfield>
  </datafield>
  <datafield tag="650" ind1=" " ind2="4">
   <subfield code="a">Τεχνητή νοημοσύνη.</subfield>
  </datafield>
  <datafield tag="650" ind1=" " ind2="4">
   <subfield code="a">Μηχανική μάθηση.</subfield>
  </datafield>
  <datafield tag="700" ind1="1" ind2=" ">
   <subfield code="a">Μήλιος, Αγαμέμνων.</subfield>
  </datafield>
  <datafield tag="852" ind1=" " ind2=" ">
   <subfield code="a">INST</subfield>
   <subfield code="b">UNIPILB</subfield>
   <subfield code="c">MAIN</subfield>
   <subfield code="e">20200305</subfield>
   <subfield code="h">006.3 GIF ΜΤΦ</subfield>
   <subfield code="p">00182553</subfield>
   <subfield code="q">00182553</subfield>
   <subfield code="t">LOAN</subfield>
   <subfield code="y">0</subfield>
   <subfield code="4">2</subfield>
  </datafield>
  <datafield tag="852" ind1=" " ind2=" ">
   <subfield code="a">INST</subfield>
   <subfield code="b">UNIPILB</subfield>
   <subfield code="c">MAIN</subfield>
   <subfield code="e">20200305</subfield>
   <subfield code="h">006.3 GIF ΜΤΦ</subfield>
   <subfield code="p">00182554</subfield>
   <subfield code="q">00182554</subfield>
   <subfield code="t">LOAN</subfield>
   <subfield code="y">0</subfield>
   <subfield code="4">1</subfield>
  </datafield>
  <datafield tag="852" ind1=" " ind2=" ">
   <subfield code="a">INST</subfield>
   <subfield code="b">UNIPILB</subfield>
   <subfield code="c">MAIN</subfield>
   <subfield code="e">20200305</subfield>
   <subfield code="h">006.3 GIF ΜΤΦ</subfield>
   <subfield code="p">00182555</subfield>
   <subfield code="q">00182555</subfield>
   <subfield code="t">LOAN</subfield>
   <subfield code="y">0</subfield>
   <subfield code="4">3</subfield>
  </datafield>
 </record>
</collection>
